Statistics for Monuments of Oslo by picture

Click here to take the quiz!

General Stats

  • This quiz has been taken 30 times
  • The average score is 8 of 12

Answer Stats

Answer% Correct
Opera House
100%
Munch Museum
92%
Storting (Parliament)
92%
Holmenkollen Ski Jump
85%
Akershus Fortress
77%
Royal Palace
77%
Vigeland Park
73%
City Hall
65%
National Theater
54%
Oslo Cathedral
46%
Nobel Institute
27%
Viking Ship Museum
23%

Score Distribution

Percentile by Number Answered

Percent of People with Each Score

Your Score History

You have not taken this quiz